000 00825cam a22002531 4500
001 4531502
003 LC
005 20160222140221.0
008 730116s1963 nyu 000 0 eng
010 _a 63009442
040 _aDLC
_cDLC
_dDLC
043 _an-us---
050 0 0 _aBV 4464.5
_b.W681 1962
082 0 0 _aFIC
_bW65c 1962
100 1 _aWilkerson, David,
_d1931-2011.
_918881
245 1 4 _aThe cross and the switchblade
_cDavid Wilkerson, with John & Elizabeth Sherrill.
260 _aNew York :
_bB. Geis Associates; distributed by Random House,
_cc1962.
300 _a217 p. :
_c18 cm.
600 1 0 _aWilkerson, David,
_d1931-2011.
_918882
650 0 _aChurch work with juvenile delinquents
_zUnited States.
_918883
906 _a7
_bcbc
_corignew
_du
_eocip
_f19
_gy-gencatlg
942 _2lcc
_cBK
999 _c11092
_d11092